MyGZULibrary

Microfinance and poverty reduction / (Record no. 7982)

MARC details
000 -LEADER
fixed length control field 01303cam a2200337 a 4500
001 - CONTROL NUMBER
control field 1192639
003 - CONTROL NUMBER IDENTIFIER
control field GZU
005 - DATE AND TIME OF LATEST TRANSACTION
control field 20210513122935.0
008 - FIXED-LENGTH DATA ELEMENTS--GENERAL INFORMATION
fixed length control field 970408s1997 enk b 000 0 eng d
010 ## - LIBRARY OF CONGRESS CONTROL NUMBER
LC control number 97206905
020 ## - INTERNATIONAL STANDARD BOOK NUMBER
International Standard Book Number 0855983698
035 ## - SYSTEM CONTROL NUMBER
System control number (OCoLC)36700642
040 ## - CATALOGING SOURCE
Original cataloging agency DOCC
Transcribing agency DOCC
Modifying agency DLC
042 ## - AUTHENTICATION CODE
Authentication code lccopycat
050 00 - LIBRARY OF CONGRESS CALL NUMBER
Classification number HG178.3
Item number .J64 1997
100 1# - MAIN ENTRY--PERSONAL NAME
Personal name Johnson, Susan.
245 10 - TITLE STATEMENT
Title Microfinance and poverty reduction /
Statement of responsibility, etc. Susan Johnson and Ben Rogaly.
260 ## - PUBLICATION, DISTRIBUTION, ETC.
Place of publication, distribution, etc. [United Kingdom] :
Name of publisher, distributor, etc. Oxfam :
-- ACTIONAID,
Date of publication, distribution, etc. 1997.
300 ## - PHYSICAL DESCRIPTION
Extent vii, 134 p. ;
Dimensions 22 cm.
490 1# - SERIES STATEMENT
Series statement Oxfam development guidelines
504 ## - BIBLIOGRAPHY, ETC. NOTE
Bibliography, etc. note Includes bibliographical references (p. 128-134).
650 #0 - SUBJECT ADDED ENTRY--TOPICAL TERM
Topical term or geographic name entry element Microfinance.
700 1# - ADDED ENTRY--PERSONAL NAME
Personal name Rogaly, Ben.
830 #0 - SERIES ADDED ENTRY--UNIFORM TITLE
Uniform title Development guidelines.
856 42 - ELECTRONIC LOCATION AND ACCESS
Materials specified Publisher description
Uniform Resource Identifier <a href="http://www.loc.gov/catdir/enhancements/fy1117/97206905-d.html">http://www.loc.gov/catdir/enhancements/fy1117/97206905-d.html</a>
856 41 - ELECTRONIC LOCATION AND ACCESS
Materials specified Table of contents only
Uniform Resource Identifier <a href="http://www.loc.gov/catdir/enhancements/fy1117/97206905-t.html">http://www.loc.gov/catdir/enhancements/fy1117/97206905-t.html</a>
856 42 - ELECTRONIC LOCATION AND ACCESS
Materials specified Contributor biographical information
Uniform Resource Identifier <a href="http://www.loc.gov/catdir/enhancements/fy1208/97206905-b.html">http://www.loc.gov/catdir/enhancements/fy1208/97206905-b.html</a>
906 ## - LOCAL DATA ELEMENT F, LDF (RLIN)
a 7
b cbc
c copycat
d 2
e ncip
f 19
g y-gencatlg
942 ## - ADDED ENTRY ELEMENTS (KOHA)
Source of classification or shelving scheme Library of Congress Classification
Koha item type Books
Classification part 178.3
Item part JOH
Call number prefix HG
Call number suffix 1997
Holdings
Withdrawn status Lost status Damaged status Not for loan Collection code Home library Current library Shelving location Date acquired Total Checkouts Full call number Barcode Date last seen Copy number Price effective from Koha item type Inventory number
        Non-fiction Mashava Campus Library Mashava Campus Library General Stacks 05/13/2021   HG178.3 JOH 1997 B015672 05/13/2021 c.1 05/13/2021 Books  
        Non-fiction Mashava Campus Library Mashava Campus Library General Stacks 05/17/2021   HG 178.3 JOH 1997 B017384 05/17/2021 C-2 05/17/2021 Books 2494